[Event "6. Raiffeisen Open - A"]
[Site "Aschach"]
[Date "1997.12.29"]
[Round "5"]
[White "Lautner, Josef"]
[Black "Lendwai, Reinhard"]
[Result "0-1"]
[WhiteElo "2109"]
[BlackElo "2375"]
[PlyCount "76"]
[EventDate "1997.??.??"]
[Source "Union Hartkirch"]
[SourceDate "1998.01.01"]

1. d4 d5 2. c3 Nf6 3. e3 g6 4. f4 Bg7 5. Nf3 O-O 6. Bd3 Bg4 7. Nbd2 c5 8. O-O
Nc6 9. Qe1 e6 10. Kh1 Rc8 11. dxc5 Nd7 12. Nb3 Bxf3 13. Rxf3 Ne7 14. e4 Nxc5
15. Nxc5 Rxc5 16. Be3 dxe4 17. Bxe4 Rb5 18. Rf2 Nf5 19. a4 Rb3 20. Bc5 Re8 21.
a5 Rb5 22. b4 Qc7 23. Rb1 b6 24. axb6 axb6 25. Bd3 Rxc5 26. bxc5 Qxc5 27. Bxf5
gxf5 28. Rc2 Rc8 29. Rb3 Qc4 30. Rxb6 Qxf4 31. Rb4 Qd6 32. c4 Be5 33. h3 Bg3
34. Qb1 Rd8 35. Rc1 Qd2 36. Rb2 Qd4 37. Rbc2 Be5 38. Qb3 Qd1+ 0-1

[Event "6. Raiffeisen Open - A"]
[Site "Aschach"]
[Date "1997.12.29"]
[Round "5"]
[White "Wege, Jochen"]
[Black "Teske, Henrik"]
[Result "0-1"]
[WhiteElo "2200"]
[BlackElo "2515"]
[PlyCount "88"]
[EventDate "1997.??.??"]
[Source "Union Hartkirch"]
[SourceDate "1998.01.01"]

1. e4 c5 2. b3 Nc6 3. Bb2 e5 4. Bb5 Nd4 5. Bxd4 cxd4 6. f4 exf4 7. Nf3 Bc5 8.
O-O Ne7 9. Kh1 O-O 10. c3 d5 11. cxd4 Bb6 12. exd5 Bg4 13. Qe1 Nxd5 14. Nc3 Rc8
15. Bc4 Re8 16. Qh4 Qxh4 17. Nxh4 Nxc3 18. dxc3 Be2 19. Bxe2 Rxe2 20. Rfe1
Rxe1+ 21. Rxe1 g6 22. c4 Bxd4 23. Nf3 Bf6 24. h4 h6 25. Kh2 Kg7 26. Kh3 g5 27.
Kg4 Kg6 28. hxg5 hxg5 29. Ne5+ Bxe5 30. Rxe5 f6 31. Re7 b5 32. Rxa7 bxc4 33.
bxc4 Rxc4 34. Kf3 Rc3+ 35. Kf2 g4 36. a4 Rc2+ 37. Kf1 Kg5 38. a5 Kh4 39. a6 Kg3
40. Rg7 Ra2 41. a7 f5 42. Rg5 Ra1+ 43. Ke2 Kxg2 44. Rxf5 f3+ 0-1

[Event "6. Raiffeisen Open - A"]
[Site "Aschach"]
[Date "1997.12.29"]
[Round "5"]
[White "Hellmayr, Alois"]
[Black "Beckert, Stefan"]
[Result "1/2-1/2"]
[WhiteElo "2220"]
[BlackElo "1956"]
[PlyCount "97"]
[EventDate "1997.??.??"]
[Source "Union Hartkirch"]
[SourceDate "1998.01.01"]

1. c4 e6 2. Nf3 d5 3. b3 Nf6 4. Bb2 Be7 5. e3 O-O 6. Be2 b6 7. O-O Bb7 8. d3 c5
9. Nbd2 Nc6 10. a3 Qc7 11. Rc1 Rfd8 12. Rc2 dxc4 13. bxc4 Nd7 14. Ne4 Nce5 15.
Nfd2 Nf6 16. Qa1 Nxd3 17. Nxf6+ Bxf6 18. Bxf6 gxf6 19. Qxf6 Qe5 20. Qe7 Bc6 21.
Bf3 Rd7 22. Qh4 Bxf3 23. Nxf3 Qg7 24. Qe4 Rad8 25. g3 Qg6 26. Qxg6+ hxg6 27.
Rb1 Kg7 28. Kf1 Kf6 29. Ke2 g5 30. h4 g4 31. Nh2 Ne5 32. a4 Rd3 33. a5 bxa5 34.
Rb5 Rd1 35. f4 gxf3+ 36. Nxf3 Nxf3 37. Kxf3 Rc8 38. Rxa5 Rc7 39. Rca2 Rc1 40.
R2a4 Rc2 41. g4 Rc1 42. Kf4 Rf1+ 43. Ke4 Rh1 44. h5 Rg1 45. Kf3 Kg5 46. Rxa7
Rxa7 47. Rxa7 Rxg4 48. Rxf7 Rxc4 49. h6 1/2-1/2

[Event "6. Raiffeisen Open - A"]
[Site "Aschach"]
[Date "1997.12.29"]
[Round "5"]
[White "Steinermayr, Thomas"]
[Black "Balinov, Ilija"]
[Result "0-1"]
[WhiteElo "2250"]
[BlackElo "2560"]
[PlyCount "79"]
[EventDate "1997.??.??"]
[Source "Union Hartkirch"]
[SourceDate "1998.01.01"]

1. e4 c5 2. Nf3 d6 3. c3 Nf6 4. h3 Nc6 5. Bd3 g6 6. O-O Bg7 7. Bc2 O-O 8. d4
Qc7 9. Be3 b6 10. Re1 e5 11. Nbd2 cxd4 12. cxd4 Nb4 13. Bb1 a5 14. a3 Na6 15.
Ba2 b5 16. Rc1 Qb8 17. dxe5 dxe5 18. Nh2 Nc7 19. Ng4 Nxg4 20. hxg4 Be6 21. Bb1
Rd8 22. Qe2 Ra6 23. a4 Rad6 24. axb5 Nxb5 25. Nc4 Nd4 26. Bxd4 Rxd4 27. Nxa5
Rd2 28. Qe3 Qxb2 29. Nc4 Bxc4 30. Rxc4 Bf8 31. Rc3 Rxf2 32. Qxf2 Qxc3 33. Kh1
Bc5 34. Qh4 Be7 35. Qf2 Bc5 36. Qh4 Rd2 37. Rf1 Qe3 38. Qh3 Rf2 39. Rd1 Qe2 40.
Qb3 0-1

[Event "6. Raiffeisen Open - A"]
[Site "Aschach"]
[Date "1997.12.29"]
[Round "5"]
[White "Ganaus, Hannes"]
[Black "Obermayr, Hermann"]
[Result "0-1"]
[WhiteElo "2260"]
[BlackElo "2140"]
[PlyCount "96"]
[EventDate "1997.??.??"]
[Source "Union Hartkirch"]
[SourceDate "1998.01.01"]

1. d4 Nf6 2. Nf3 g6 3. Bg5 Bg7 4. c3 d5 5. e3 c6 6. Nbd2 Bg4 7. Bd3 Nbd7 8. Qc2
Bxf3 9. Nxf3 O-O 10. h4 Re8 11. h5 Nxh5 12. Rxh5 gxh5 13. Bxh7+ Kf8 14. O-O-O
b5 15. Rh1 Qa5 16. Kb1 b4 17. cxb4 Qxb4 18. Qxc6 Rab8 19. b3 Nb6 20. Bf5 Nc4
21. Rc1 e6 22. Bf4 Rb6 23. Rxc4 dxc4 24. Qc5+ Kg8 25. Bc2 cxb3 26. axb3 Qxc5
27. dxc5 Ra6 28. Ne5 Rc8 29. Bd3 Ra5 30. Nd7 Raxc5 31. Nxc5 Rxc5 32. Bc4 Ra5
33. Bg3 Kf8 34. Kc2 Ke8 35. Kd3 Kd7 36. Bh4 Ra1 37. Ke4 Rg1 38. g3 Ra1 39. Kf4
Ra5 40. e4 Bh6+ 41. Kf3 Bg5 42. Bxg5 Rxg5 43. Ke3 Kd6 44. Kd4 Ra5 45. f4 f6 46.
Be2 e5+ 47. fxe5+ Rxe5 48. Bd3 Rg5 0-1

[Event "6. Raiffeisen Open - A"]
[Site "Aschach"]
[Date "1997.12.29"]
[Round "5"]
[White "Beim, Valery"]
[Black "Hertneck, Gerald"]
[Result "1/2-1/2"]
[WhiteElo "2535"]
[BlackElo "2525"]
[PlyCount "91"]
[EventDate "1997.??.??"]
[Source "Union Hartkirch"]
[SourceDate "1998.01.01"]

1. c4 e5 2. Nc3 Nf6 3. Nf3 Nc6 4. d4 exd4 5. Nxd4 Bb4 6. Bg5 h6 7. Bh4 d6 8.
Rc1 O-O 9. e3 g5 10. Bg3 Qe7 11. Nxc6 bxc6 12. Bd3 Ne4 13. O-O Bxc3 14. Bxe4
Bxb2 15. Bxc6 Rb8 16. Rb1 Bf5 17. e4 Bg6 18. f3 Ba3 19. Bf2 Rxb1 20. Qxb1 Qe5
21. Qa1 Bb2 22. Qd1 a5 23. Qd5 Rb8 24. Qxe5 Bxe5 25. Bb5 f5 26. exf5 Bxf5 27.
Rd1 Kf7 28. Be1 c5 29. Bxa5 Ra8 30. Bc7 Rxa2 31. Bxd6 Bc2 32. Bxe5 Bxd1 33. Bd6
Bb3 34. Bxc5 Rc2 35. Bd6 Bxc4 36. Bxc4+ Rxc4 37. g4 Rc2 38. Bg3 Ke6 39. h4 Kd5
40. hxg5 hxg5 41. Bf2 Rc3 42. Kg2 Rb3 43. Be1 Kd4 44. Ba5 Rb8 45. Bc7 Re8 46.
f4 1/2-1/2

[Event "6. Raiffeisen Open - A"]
[Site "Aschach"]
[Date "1997.12.29"]
[Round "5"]
[White "Krupa, Krzysztof"]
[Black "Grabher, Heinz"]
[Result "1-0"]
[WhiteElo "2070"]
[BlackElo "2260"]
[PlyCount "99"]
[EventDate "1997.??.??"]
[Source "Union Hartkirch"]
[SourceDate "1998.01.01"]

1. e4 c5 2. Nf3 e6 3. d4 cxd4 4. Nxd4 Nf6 5. Bd3 Nc6 6. Nxc6 dxc6 7. O-O e5 8.
Qf3 Be7 9. Qg3 O-O 10. Nd2 Nd7 11. Nc4 Bf6 12. Ne3 Nc5 13. Rd1 Nxd3 14. Rxd3
Qa5 15. Bd2 Qb5 16. b3 a5 17. Nc4 Qc5 18. Rd6 Be6 19. Be3 Qb4 20. Rc1 a4 21.
Bd2 Qc5 22. Bc3 b5 23. Bxe5 Bxe5 24. Qxe5 Qxe5 25. Nxe5 c5 26. f4 axb3 27. axb3
g6 28. g4 Bc8 29. Rcd1 Ra2 30. Rd8 Be6 31. f5 gxf5 32. gxf5 Bxf5 33. exf5 f6
34. Rxf8+ Kxf8 35. Nd7+ Kg7 36. Rd2 c4 37. bxc4 bxc4 38. Kf2 Ra5 39. Nb6 Rxf5+
40. Kg3 c3 41. Rd3 Rc5 42. Nd5 Kg6 43. Nxc3 f5 44. Kf3 Kg5 45. Ke2 h5 46. Kd2
Kg4 47. Nd5 f4 48. Nf6+ Kh4 49. Rd5 Rc6 50. Rxh5# 1-0

[Event "6. Raiffeisen Open - A"]
[Site "Aschach"]
[Date "1997.12.29"]
[Round "5"]
[White "Pisk, Petr"]
[Black "Rogulj, Branko"]
[Result "1/2-1/2"]
[WhiteElo "2340"]
[BlackElo "2415"]
[PlyCount "103"]
[EventDate "1997.??.??"]
[Source "Union Hartkirch"]
[SourceDate "1998.01.01"]

1. e4 e5 2. Nf3 Nc6 3. Bb5 Nge7 4. O-O g6 5. c3 Bg7 6. d4 exd4 7. cxd4 d5 8.
exd5 Nxd5 9. Re1+ Be6 10. Bg5 Qd6 11. Nc3 O-O 12. Qd2 Nb8 13. Bh6 c6 14. Bf1
Nd7 15. Ne4 Qb4 16. Qc1 Rfe8 17. Bxg7 Kxg7 18. a3 Qe7 19. Ne5 Rad8 20. b4 f6
21. Nc4 N7b6 22. Nc5 Qf7 23. Na5 Bc8 24. Qd2 Na8 25. Nc4 Nac7 26. Rxe8 Nxe8 27.
Re1 Nd6 28. Nxd6 Rxd6 29. g3 b6 30. Ne4 Rd8 31. Nc3 Be6 32. Bg2 Rd7 33. Nxd5
Bxd5 34. Bh3 Re7 35. Rxe7 Qxe7 36. Bg2 Bxg2 37. Kxg2 Qe4+ 38. Kg1 Kf7 39. Qa2+
Qe6 40. Qd2 g5 41. Qc2 f5 42. Qa4 Qe1+ 43. Kg2 Qe4+ 44. Kg1 Kg6 45. Qxa7 Qxd4
46. Qc7 Qd1+ 47. Kg2 Qd5+ 48. Kg1 b5 49. h3 Qe6 50. Kh2 h6 51. Qd8 Kf7 52. Qd4
1/2-1/2

[Event "6. Raiffeisen Open - A"]
[Site "Aschach"]
[Date "1997.12.29"]
[Round "5"]
[White "Schneider-Zinner, Harald"]
[Black "Knechtel, Roland"]
[Result "1-0"]
[WhiteElo "2265"]
[BlackElo "2145"]
[PlyCount "43"]
[EventDate "1997.??.??"]
[Source "Union Hartkirch"]
[SourceDate "1998.01.01"]

1. d4 g6 2. Nf3 Bg7 3. c4 d6 4. Nc3 Nc6 5. d5 Na5 6. e4 c6 7. Bd2 cxd5 8. cxd5
b6 9. b4 Nb7 10. Bb5+ Bd7 11. Ba6 Rb8 12. Rc1 Nf6 13. Nd4 Nxd5 14. Nxd5 Bxd4
15. Bh6 e5 16. Nc7+ Ke7 17. Bg5+ f6 18. Nd5+ Ke6 19. Bxf6 Qf8 20. Qg4+ Kf7 21.
Qxd7+ Kg8 22. Ne7+ 1-0

[Event "6. Raiffeisen Open - A"]
[Site "Aschach"]
[Date "1997.12.30"]
[Round "6"]
[White "Rogulj, Branko"]
[Black "Lenz, Alarich"]
[Result "1-0"]
[WhiteElo "2415"]
[BlackElo "2225"]
[PlyCount "69"]
[EventDate "1997.??.??"]
[Source "Union Hartkirch"]
[SourceDate "1998.01.01"]

1. e4 e6 2. d4 d5 3. Nc3 Bb4 4. e5 c5 5. a3 Bxc3+ 6. bxc3 Qc7 7. Qg4 f5 8. Qh5+
g6 9. Qd1 b6 10. Nf3 Ba6 11. Bxa6 Nxa6 12. O-O Nb8 13. c4 Ne7 14. cxd5 Nxd5 15.
c4 Nc3 16. Qd3 cxd4 17. Nxd4 Ne4 18. Nxe6 Qxe5 19. Qd8+ Kf7 20. Qc7+ Kxe6 21.
Qxe5+ Kxe5 22. Bb2+ Kd6 23. Rfd1+ Kc6 24. Bxh8 Nd7 25. Bd4 Ndc5 26. Bxc5 Kxc5
27. Rd7 Kxc4 28. Rxh7 Kb3 29. h4 Kb2 30. Rd1 Kxa3 31. Rxa7+ Rxa7 32. Ra1+ Kb3
33. Rxa7 b5 34. Rg7 b4 35. Rxg6 1-0

[Event "6. Raiffeisen Open - A"]
[Site "Aschach"]
[Date "1997.12.30"]
[Round "6"]
[White "Ennsberger, Ulrich"]
[Black "Lautner, Josef"]
[Result "1/2-1/2"]
[WhiteElo "2198"]
[BlackElo "2109"]
[PlyCount "25"]
[EventDate "1997.??.??"]
[Source "Union Hartkirch"]
[SourceDate "1998.01.01"]

1. d4 d5 2. Nf3 c6 3. g3 e6 4. Bg2 Bd6 5. O-O f5 6. c4 Nf6 7. b3 Qe7 8. a4 a5
9. Ba3 Bxa3 10. Nxa3 b6 11. Qc2 Na6 12. Qb2 O-O 13. Rac1 1/2-1/2

[Event "6. Raiffeisen Open - A"]
[Site "Aschach"]
[Date "1997.12.30"]
[Round "6"]
[White "Roeberg, Frank"]
[Black "Fabisch, Christian"]
[Result "1-0"]
[WhiteElo "2245"]
[BlackElo "2160"]
[PlyCount "83"]
[EventDate "1997.??.??"]
[Source "Union Hartkirch"]
[SourceDate "1998.01.01"]

1. e4 c5 2. Nc3 g6 3. g3 Bg7 4. Bg2 Nc6 5. d3 e5 6. f4 exf4 7. Bxf4 d6 8. Nf3
Nge7 9. Qd2 O-O 10. Bh6 Bxh6 11. Qxh6 f6 12. Qd2 Be6 13. O-O Ne5 14. Ne2 g5 15.
h3 Qd7 16. Kh2 N7g6 17. Nfg1 Rac8 18. b3 d5 19. exd5 Bxd5 20. Bxd5+ Qxd5 21.
Nc3 Qc6 22. Rf2 h6 23. Raf1 Qe6 24. g4 Nf4 25. Nge2 Neg6 26. Ng3 Nh4 27. Nce2
Nd5 28. Nc3 Rce8 29. Nce4 b6 30. c4 Nf4 31. Rxf4 gxf4 32. Qxf4 Kg7 33. Nh5+ Kg6
34. Qg3 Qe5 35. Nf4+ Kg7 36. Qxh4 f5 37. gxf5 Rxf5 38. Qg3+ Kf7 39. Qg6+ Ke7
40. Qxf5 Qxf5 41. Nd5+ Ke6 42. Rxf5 1-0

[Event "6. Raiffeisen Open - A"]
[Site "Aschach"]
[Date "1997.12.30"]
[Round "6"]
[White "Hertneck, Gerald"]
[Black "Pisk, Petr"]
[Result "1-0"]
[WhiteElo "2525"]
[BlackElo "2340"]
[PlyCount "79"]
[EventDate "1997.??.??"]
[Source "Union Hartkirch"]
[SourceDate "1998.01.01"]

1. d4 d5 2. c4 e6 3. Nf3 c5 4. cxd5 exd5 5. g3 Nc6 6. Bg2 Nf6 7. O-O Be7 8. Nc3
O-O 9. Bg5 cxd4 10. Nxd4 h6 11. Be3 Re8 12. Rc1 Bf8 13. Nxc6 bxc6 14. Na4 Qa5
15. b3 Qb5 16. Bd4 Qxe2 17. Bxf6 Qxd1 18. Rfxd1 gxf6 19. Rxc6 Bg4 20. f3 Bd7
21. Rxf6 Bxa4 22. bxa4 Bc5+ 23. Kh1 Re2 24. f4 Rb8 25. Bxd5 Rbb2 26. Rxh6 Be3
27. Rh5 Rf2 28. a5 Kg7 29. f5 Kf6 30. Rh7 Ke5 31. Bxf7 Kxf5 32. Bc4 Kg6 33.
Bd3+ Kg5 34. a4 Ra2 35. Rh4 Rfb2 36. Rf1 Bf2 37. Bc4 Rxa4 38. Rf4 Be3 39. Rf5+
Kg4 40. Be6 1-0

[Event "6. Raiffeisen Open - A"]
[Site "Aschach"]
[Date "1997.12.30"]
[Round "6"]
[White "Obermayr, Hermann"]
[Black "Heimberger, Reinhard"]
[Result "1/2-1/2"]
[WhiteElo "2140"]
[BlackElo "2260"]
[PlyCount "82"]
[EventDate "1997.??.??"]
[Source "Union Hartkirch"]
[SourceDate "1998.01.01"]

1. d4 d5 2. c4 e6 3. Nc3 Nf6 4. cxd5 exd5 5. Bg5 c6 6. Qc2 g6 7. e3 Bf5 8. Qd2
Nbd7 9. f3 Be7 10. Bh6 Qc7 11. Nge2 Bf8 12. Bf4 Bd6 13. Bxd6 Qxd6 14. g4 Be6
15. h3 Nb6 16. b3 O-O-O 17. O-O-O Kb8 18. Kb1 Rhe8 19. Bg2 Bc8 20. e4 Qb4 21.
Ka1 Ka8 22. Rhe1 dxe4 23. fxe4 Ng8 24. Qb2 Ne7 25. e5 Nbd5 26. Bxd5 Nxd5 27. a3
Qe7 28. Nxd5 cxd5 29. Rf1 h5 30. gxh5 Bxh3 31. Rh1 Bg4 32. hxg6 fxg6 33. Rde1
g5 34. Ka2 Rf8 35. Rhg1 Bf3 36. Qd2 g4 37. Ng3 Rh8 38. Nf5 Qe6 39. Nd6 a6 40.
Qb4 Rh2+ 41. Ka1 Rh7 1/2-1/2

[Event "6. Raiffeisen Open - A"]
[Site "Aschach"]
[Date "1997.12.30"]
[Round "6"]
[White "Zoister, Stefan"]
[Black "Tober, Gerhard"]
[Result "1/2-1/2"]
[WhiteElo "2050"]
[BlackElo "2205"]
[PlyCount "102"]
[EventDate "1997.??.??"]
[Source "Union Hartkirch"]
[SourceDate "1998.01.01"]

1. e4 d5 2. exd5 Nf6 3. c4 c6 4. Nc3 cxd5 5. d4 g6 6. Qb3 Bg7 7. cxd5 O-O 8. g3
e6 9. Bg2 Nxd5 10. Nge2 Nc6 11. Nxd5 exd5 12. O-O Bg4 13. Nc3 Nxd4 14. Qxd5 Nc2
15. Rb1 Bf5 16. Bf4 Nb4 17. Qxb7 Bxb1 18. Rxb1 Rb8 19. Bxb8 Qxb8 20. Rd1 Qxb7
21. Bxb7 Bxc3 22. bxc3 Nxa2 23. c4 Nc3 24. Ra1 Re8 25. Rxa7 Re7 26. Ra3 Ne2+
27. Kf1 Nxg3+ 28. hxg3 Rxb7 29. Rc3 Kf8 30. Ke2 Ke7 31. Ke3 Ke6 32. Kd4 Kd6 33.
Ra3 f5 34. Ra6+ Kd7 35. Kd5 Kc7 36. c5 Rb2 37. Ra7+ Kb8 38. Rxh7 Rxf2 39. Rg7
f4 40. gxf4 Rxf4 41. Rxg6 Kc7 42. Rg7+ Kc8 43. Kc6 Rf6+ 44. Kb5 Rf1 45. Kb6
Rb1+ 46. Kc6 Kb8 47. Rg8+ Ka7 48. Kd6 Rh1 49. Rg7+ Kb8 50. Kc6 Rh6+ 51. Kb5 Kc8
1/2-1/2

[Event "6. Raiffeisen Open - A"]
[Site "Aschach"]
[Date "1997.12.30"]
[Round "6"]
[White "Beckert, Stefan"]
[Black "Wege, Jochen"]
[Result "0-1"]
[WhiteElo "1956"]
[BlackElo "2200"]
[PlyCount "78"]
[EventDate "1997.??.??"]
[Source "Union Hartkirch"]
[SourceDate "1998.01.01"]

1. e4 c5 2. Nf3 Nc6 3. d4 cxd4 4. Nxd4 Nf6 5. Nc3 e6 6. Ndb5 d6 7. Bf4 e5 8.
Bg5 a6 9. Na3 b5 10. Bxf6 gxf6 11. Nd5 f5 12. Bd3 Be6 13. Qh5 Bg7 14. O-O h6
15. c3 O-O 16. Nc2 f4 17. a4 bxa4 18. Rxa4 Bxd5 19. exd5 Ne7 20. Nb4 a5 21. Nc6
Nxc6 22. Qf5 Re8 23. dxc6 d5 24. Qd7 e4 25. Bb5 Qb6 26. c7 Rac8 27. Qxd5 Re5
28. Qd7 Rxc7 29. Qd8+ Kh7 30. c4 e3 31. Qd3+ Kg8 32. Raa1 Rc8 33. Kh1 Rd8 34.
Qe2 Rd2 35. Qg4 Rxf2 36. Rfe1 Rg5 37. Qc8+ Kh7 38. Bd7 Qg6 39. Rg1 Rgxg2 0-1

[Event "6. Raiffeisen Open - A"]
[Site "Aschach"]
[Date "1997.12.30"]
[Round "6"]
[White "Bachmayer, Josef"]
[Black "Hellmayr, Alois"]
[Result "0-1"]
[WhiteElo "2140"]
[BlackElo "2220"]
[PlyCount "56"]
[EventDate "1997.??.??"]
[Source "Union Hartkirch"]
[SourceDate "1998.01.01"]

1. d4 Nf6 2. Nc3 d5 3. Bg5 Ne4 4. Nxe4 dxe4 5. Qd2 Bf5 6. e3 Nd7 7. Bc4 Nf6 8.
O-O-O e6 9. Ne2 Be7 10. h3 c6 11. Bb3 a5 12. c3 a4 13. Bc2 h6 14. Bxf6 Bxf6 15.
c4 b5 16. cxb5 cxb5 17. a3 Qd7 18. Nc3 Qb7 19. Qe2 Ra5 20. Nxb5 O-O 21. Nc3 Rc8
22. Qd2 Be7 23. g4 Bg6 24. Rdg1 Raa8 25. f3 Rab8 26. Nxe4 Qxb2+ 27. Kd1 Qxa3
28. Qc1 Qa2 0-1

[Event "6. Raiffeisen Open - A"]
[Site "Aschach"]
[Date "1997.12.30"]
[Round "6"]
[White "Balinov, Ilija"]
[Black "Brustman, Agnieszka"]
[Result "1-0"]
[WhiteElo "2560"]
[BlackElo "2380"]
[PlyCount "111"]
[EventDate "1997.??.??"]
[Source "Union Hartkirch"]
[SourceDate "1998.01.01"]

1. d4 Nf6 2. g3 g6 3. Bg2 d5 4. c4 dxc4 5. Nf3 Bg7 6. Na3 c5 7. Qa4+ Nc6 8. Ne5
Bd7 9. Nxc6 Bxc6 10. Bxc6+ bxc6 11. dxc5 c3 12. O-O O-O 13. bxc3 Nd5 14. Bd2
Nxc3 15. Bxc3 Bxc3 16. Rac1 Qa5 17. Qxa5 Bxa5 18. Nc4 Bb4 19. Ne5 Rfc8 20. Rc4
Ba5 21. Ra4 Bc3 22. Nd3 Rc7 23. Rb1 Rd8 24. Rb3 Bf6 25. Kf1 h5 26. f4 e6 27.
Rba3 Rdd7 28. Rb3 Rd8 29. Kg2 Kg7 30. Kf3 Bd4 31. Rbb4 Bc3 32. Rb3 Bd4 33. h3
Bf6 34. Rab4 Kf8 35. Rb7 Rdd7 36. Rxc7 Rxc7 37. a4 Ke7 38. a5 Kd8 39. a6 Kc8
40. Ke4 Rd7 41. Ne5 Rc7 42. Nc4 Be7 43. Nd6+ Kd7 44. Nxf7 Bxc5 45. Ne5+ Kd6 46.
Rd3+ Ke7 47. Nxg6+ Kf6 48. Ne5 Bf2 49. g4 c5 50. e3 Be1 51. Rd7 Rxd7 52. Nxd7+
Ke7 53. Nxc5 hxg4 54. hxg4 Kd6 55. Nb3 Bc3 56. Nd4 1-0

[Event "6. Raiffeisen Open - A"]
[Site "Aschach"]
[Date "1997.12.30"]
[Round "6"]
[White "Kuczynski, Robert"]
[Black "Wendt, Rene"]
[Result "1/2-1/2"]
[WhiteElo "2495"]
[BlackElo "2290"]
[PlyCount "98"]
[EventDate "1997.??.??"]
[Source "Union Hartkirch"]
[SourceDate "1998.01.01"]

1. e4 c5 2. Nf3 e6 3. Nc3 Nc6 4. Bb5 Nge7 5. O-O Nd4 6. Nxd4 cxd4 7. Ne2 a6 8.
Ba4 Nc6 9. d3 Bc5 10. c4 O-O 11. a3 a5 12. Ng3 Ne7 13. Bd2 f5 14. b4 Ba7 15.
exf5 Nxf5 16. Nxf5 Rxf5 17. bxa5 Bb8 18. Qg4 Qf6 19. Bd1 Bc7 20. Rb1 Bxa5 21.
Bc1 Bc7 22. Qh3 Bf4 23. Bxf4 Rxf4 24. a4 d6 25. g3 Rf5 26. Qg2 h5 27. Qe4 Raa5
28. Rb6 e5 29. Rb5 Ra6 30. c5 dxc5 31. Rxc5 Rc6 32. Rxc6 bxc6 33. a5 Ba6 34.
Bb3+ Kh8 35. Bc4 Bxc4 36. dxc4 Rf3 37. Rb1 g6 38. a6 Ra3 39. Rb8+ Kg7 40. Rb7+
Kh6 41. a7 Ra2 42. f4 Ra1+ 43. Rb1 Rxa7 44. fxe5 Qf5 45. Qxf5 gxf5 46. Rb6 Kg5
47. Kg2 Ra2+ 48. Kf3 Ra3+ 49. Kg2 Ra2+ 1/2-1/2

[Event "6. Raiffeisen Open - A"]
[Site "Aschach"]
[Date "1997.12.30"]
[Round "6"]
[White "Stanka, Wolfgang"]
[Black "Schneider-Zinner, Harald"]
[Result "1/2-1/2"]
[WhiteElo "2130"]
[BlackElo "2265"]
[PlyCount "99"]
[EventDate "1997.??.??"]
[Source "Union Hartkirch"]
[SourceDate "1998.01.01"]

1. e4 e6 2. d4 d5 3. Bd3 dxe4 4. Bxe4 Nf6 5. Bd3 c5 6. dxc5 Nbd7 7. c6 bxc6 8.
Nf3 Nc5 9. O-O Nxd3 10. Qxd3 Qxd3 11. cxd3 Ba6 12. Rd1 Rd8 13. Ne5 Bd6 14. Nxc6
Rc8 15. Nd4 O-O 16. Nc3 Rfd8 17. Be3 Ng4 18. h3 Nxe3 19. fxe3 Bc5 20. Ne4 Bxd4
21. exd4 Rxd4 22. Rac1 Rcd8 23. Nc5 Bb5 24. Rc3 h5 25. b3 R8d6 26. a4 Bc6 27.
Rb1 a5 28. Rc4 R6d5 29. Rbc1 e5 30. Ne4 Rxc4 31. Rxc4 Bd7 32. Kf2 f5 33. Nc5
Bc6 34. Ke3 Rd6 35. g4 hxg4 36. hxg4 f4+ 37. Ke2 Bd5 38. Rc3 Rh6 39. Ne4 Rh2+
40. Nf2 Kf7 41. Rc5 Ke6 42. Rxa5 Bxb3 43. Ra7 g5 44. a5 Kd5 45. Rg7 Kd4 46.
Rd7+ Bd5 47. a6 f3+ 48. Ke1 Rh6 49. a7 Ra6 50. Ne4 1/2-1/2

[Event "6. Raiffeisen Open - A"]
[Site "Aschach"]
[Date "1997.12.30"]
[Round "6"]
[White "Brandstaetter, Friedrich"]
[Black "Knoll, Hermann"]
[Result "0-1"]
[WhiteElo "2165"]
[BlackElo "2245"]
[PlyCount "162"]
[EventDate "1997.??.??"]
[Source "Union Hartkirch"]
[SourceDate "1998.01.01"]

1. e4 e5 2. Nf3 Nc6 3. Bb5 a6 4. Ba4 Nf6 5. O-O Be7 6. Re1 b5 7. Bb3 d6 8. c3
O-O 9. h3 Nd7 10. d4 Bf6 11. Be3 Na5 12. Bc2 Nc4 13. Bc1 Bb7 14. b3 Ncb6 15. d5
Be7 16. Nbd2 c6 17. c4 Qc7 18. Bb2 bxc4 19. bxc4 a5 20. Rc1 Ba6 21. Bd3 Nc5 22.
Bf1 f5 23. Ba3 Nbd7 24. Bxc5 Nxc5 25. exf5 cxd5 26. cxd5 Qb7 27. Ne4 Nxe4 28.
Rxe4 Bxf1 29. Kxf1 Rxf5 30. Qd3 Raf8 31. Rb1 Qa7 32. Kg1 Rf4 33. Rbe1 Bd8 34.
Rxf4 Rxf4 35. Re4 Rf8 36. Re2 Bb6 37. Qc2 h6 38. Qg6 Rf6 39. Qc2 Bc5 40. Qd3
Qb6 41. g3 a4 42. Kg2 a3 43. Nd2 Rf8 44. Ne4 Bd4 45. h4 Qb4 46. Qa6 Bc5 47. Qd3
Rb8 48. Nxc5 Qxc5 49. Rc2 Qd4 50. Qxd4 exd4 51. Rd2 Rb2 52. Rxd4 Rxa2 53. Ra4
Kf7 54. Ra6 Ke7 55. Kf3 Ra1 56. Kf4 g6 57. h5 gxh5 58. Kf5 a2 59. Ra7+ Kd8 60.
f4 Kc8 61. Kf6 Kb8 62. Ra3 Kc7 63. f5 Kb6 64. Kg7 Rf1 65. Rxa2 Rxf5 66. Rd2 Kc5
67. Kxh6 Kc4 68. Rh2 Rxd5 69. Rxh5 Rxh5+ 70. Kxh5 d5 71. g4 d4 72. g5 d3 73. g6
d2 74. g7 d1=Q+ 75. Kg6 Qd6+ 76. Kf7 Qd5+ 77. Kf8 Qf5+ 78. Ke7 Qg6 79. Kf8 Qf6+
80. Kg8 Kd5 81. Kh7 Qf7 0-1

[Event "6. Raiffeisen Open - A"]
[Site "Aschach"]
[Date "1997.12.30"]
[Round "6"]
[White "Weiss, Christian"]
[Black "Schmidt, Peter"]
[Result "0-1"]
[WhiteElo "2325"]
[BlackElo "2410"]
[PlyCount "124"]
[EventDate "1997.??.??"]
[Source "Union Hartkirch"]
[SourceDate "1998.01.01"]

1. e4 c6 2. Nc3 d5 3. Nf3 Nf6 4. e5 Ne4 5. d3 Nxc3 6. bxc3 Bg4 7. h3 Bxf3 8.
Qxf3 e6 9. Be2 Nd7 10. d4 Be7 11. Qg3 g6 12. Bh6 Bf8 13. Bd2 Bg7 14. O-O O-O
15. f4 Nb6 16. Qf2 Nc4 17. Bxc4 dxc4 18. g4 f5 19. exf6 Bxf6 20. Rab1 b5 21.
Qe2 Qd5 22. Rf3 Rae8 23. Re3 Kf7 24. Re4 h5 25. g5 Bg7 26. Bc1 Kg8 27. Qg2 Rf5
28. Ba3 a5 29. Bc5 Bf8 30. Bxf8 Rexf8 31. Rbe1 Rxf4 32. Rxe6 Qf5 33. R6e5 Rf2
34. Rxf5 Rxg2+ 35. Kxg2 Rxf5 36. h4 Kf7 37. Kg3 b4 38. cxb4 axb4 39. Rb1 Rb5
40. Kf4 Ke6 41. Ke4 Kd7 42. c3 bxc3 43. Rc1 Kd6 44. Rxc3 Rb2 45. a4 Rh2 46.
Rxc4 Rxh4+ 47. Ke3 Rh3+ 48. Ke4 Rg3 49. Rc5 Rg4+ 50. Ke3 h4 51. a5 h3 52. Rc1
Rxg5 53. a6 Ra5 54. Rg1 Kc7 55. Rxg6 Rh5 56. Rg1 h2 57. Rh1 Kb6 58. Kf3 Kxa6
59. Kg4 Rh8 60. Kf5 Rh5+ 61. Ke4 Rh4+ 62. Kd3 Kb6 0-1

[Event "6. Raiffeisen Open - A"]
[Site "Aschach"]
[Date "1997.12.31"]
[Round "7"]
[White "Schneider-Zinner, Harald"]
[Black "Trkulja, Zoran"]
[Result "1-0"]
[WhiteElo "2265"]
[BlackElo "2195"]
[PlyCount "27"]
[EventDate "1997.??.??"]
[Source "Union Hartkirch"]
[SourceDate "1998.01.01"]

1. d4 Nf6 2. Nf3 c5 3. d5 e6 4. Nc3 d6 5. e4 exd5 6. Nxd5 Nxd5 7. Qxd5 Be7 8.
Bg5 O-O 9. O-O-O Bxg5+ 10. Nxg5 h6 11. Nxf7 Rxf7 12. Bc4 Qf8 13. e5 dxe5 14.
Qxf7+ 1-0

[Event "6. Raiffeisen Open - A"]
[Site "Aschach"]
[Date "1997.12.31"]
[Round "7"]
[White "Schmidt, Peter"]
[Black "Hertneck, Gerald"]
[Result "1/2-1/2"]
[WhiteElo "2410"]
[BlackElo "2525"]
[PlyCount "23"]
[EventDate "1997.??.??"]
[Source "Union Hartkirch"]
[SourceDate "1998.01.01"]

1. d4 Nf6 2. Nf3 e6 3. g3 b5 4. Bg2 Bb7 5. O-O c5 6. Na3 a6 7. c4 bxc4 8. Nxc4
d5 9. Nce5 Nbd7 10. Qa4 Qb6 11. Ng5 cxd4 12. Ngxf7 1/2-1/2

[Event "6. Raiffeisen Open - A"]
[Site "Aschach"]
[Date "1997.12.31"]
[Round "7"]
[White "Loeffler, Josef"]
[Black "Grabher, Heinz"]
[Result "0-1"]
[WhiteElo "2150"]
[BlackElo "2260"]
[PlyCount "50"]
[EventDate "1997.??.??"]
[Source "Union Hartkirch"]
[SourceDate "1998.01.01"]

1. e4 c5 2. Nf3 e6 3. d4 cxd4 4. Nxd4 Nf6 5. Nc3 Nc6 6. Bc4 Bb4 7. Ndb5 Nxe4 8.
O-O Bxc3 9. bxc3 d5 10. Bd3 O-O 11. Ba3 Nf6 12. Bxf8 Qxf8 13. Nd4 Qc5 14. Qd2
e5 15. Nxc6 Qxc6 16. Rab1 Be6 17. Qe3 Qc7 18. f4 Ng4 19. Qg3 Qc5+ 20. Kh1 e4
21. f5 exd3 22. fxe6 dxc2 23. exf7+ Kf8 24. Rxb7 Nf2+ 25. Kg1 Ne4+ 0-1